000 00740 a2200205 4500
010 _aENG-90095
020 _c600.00
_a818220187X
035 _aEN-73628
037 _bDBAD / PUB
082 1 4 _a303
090 _c12463
_d12463
100 1 _aSaha, Dipali
245 1 _aSociology of social stratification/
_cby Dipali Saha
260 _aNew Delhi
_bGlobal Vision Publishing House
_c2006
270 _aF-4, 1st Floor, `Hari Sadan' 20, Ansari Road, Daryaganj,
_bNew Delhi
_e110 002
_cDelhi
_k32971125,
300 _avii, 261p.
_c23 cm ( Hb)
500 _aIncludes bibliographical references & index.
942 _adpl
_cEN
_k 303 / SAH
999 _c12106
_d12106